000 00833nam a2200241Ia 4500
003 OSt
005 20220926021136.0
006 a|||||r|||| 00| 0
007 ta
008 220923b |||||||| |||| 00| 0 eng d
037 _cGeneral Book
040 _aRTL
_cRTL
_beng
041 _2eng
_aeng
082 _aX:54.1N45.N94s, N4.44/UN
110 _aUNITED NATIONS, ECONOMIC AND SOCIAL INFORMATION AND POLICY ANALYSIS, (Deptt. for-).
_9325864
245 0 _aCommodity trade statistics 1994.
260 _aNew York
_bU.N.
_c1995
300 _a305p.
_ccm.
490 _vVol.44, No.1-24
_aStatistical papers series-D
700 _aUNITED NATIONS, ECONOMIC AND SOCIAL INFORMATION AND POLICY ANALYSIS, (Deptt. for-).
_9325865
942 _hX:54.1N45.N94s, N4.44/UN
_cGB
_2CC
999 _c635923
_d635923